000 00831nas a2200289 4500
001 BR0002098
003 BR-BrBNA
005 20231205101824.0
007 ta
008 230509b bl.|||p| |||| 00| 00por d
040 _aBR-BrBNA
_bpor
_cBiblioteca Nacional de Agricultura
041 _a(Pt)
072 _aK50
100 1 _aLatorraca, J.V. de F.
100 1 _aIwakiri, S.
100 1 _aLelis, R.C.C.
245 1 _aEfeito inibidor de cinco especies florestais sobre a cura do composito cimento-madeira
650 _aEucalipto
650 _aPinheiro
650 _aAcai
650 _aPainel de Madeira
650 _aCimento
650 _aHidratacao
773 0 _tFloresta e Ambiente (Brazil)
_xISSN 1415-0980
_g(1999), v. 6(1) p. 75-82
_wBR0002098
909 _a202311
_bLúcia
_c55
_dLúcia Elande
942 _2AGRIS
_n0
_cANA
999 _c164153
_d164153